Cristo y la civilización del amor según el nuevo programa oficial para 4° medio

Gespeichert in:
Bibliographische Detailangaben
1. Verfasser: Rychlowski, Bruno
Format: Buch
Erschienen: Santiago Salesianos 1986
Ausgabe:
Katalog:MANES:  Suchergebnis im Bibliothekskatalog
Schulbuchspezifische Eigenschaften:
Schriftenreihe:Colección abre tu corazón a Cristo
Tags: Tag hinzufügen
Keine Tags, Fügen Sie den ersten Tag hinzu!
Hinzugefügt zu:29.11.1999
Geändert in:25.04.2025

MARC

LEADER 00000nam a22000007a 4500
005 20250425101438.0
008 spa
040 |a MGM 
100 |9 22939  |a Rychlowski, Bruno 
245 |a Cristo y la civilización del amor según el nuevo programa oficial para 4° medio 
250 |a 3° 
260 |a Santiago  |b Salesianos  |c 1986 
300 |a 119 p.  |c 18 x 25,5 cm. 
440 |p Colección abre tu corazón a Cristo  |9 28850 
500 |a Ubicación local: T 202.02 R991cd 1986 4°m 
546 |a Chile 
561 |5 cl-MGM  |3 T 202.02 R991cd 1988 4°m  |a Chile. Museo Gabriela Mistral  |k MANES 
690 |a RyM 
691 |a SE 
942 |2 ddc  |c BK 
999 |c 53354  |d 53354 
999 |c manes:53354  |d 53354